| 000 | 00944nas a2200289 4500 | ||
|---|---|---|---|
| 001 | BR0800507 | ||
| 003 | BR-BrBNA | ||
| 005 | 20231205111511.0 | ||
| 007 | ta | ||
| 008 | 230509b bl.|||p| |||| 00| 00por d | ||
| 040 |
_aBR-BrBNA _bpor _cBiblioteca Nacional de Agricultura |
||
| 041 | _a(Pt) | ||
| 072 | _aL70 | ||
| 100 | 1 | _aFrancisco, M.M. da S. | |
| 100 | 1 | _aDaleck, C.R. | |
| 100 | 1 | _aAlessi, A.C. | |
| 100 | 1 | _aMartins, M.R. | |
| 100 | 1 | _aEurides, D. | |
| 245 | 1 | _aAloenxerto de cartilagem auricular conservada em glicerina em defeito palatino produzido experimentalmente em cães | |
| 650 | _aCÃO | ||
| 650 | _aENXERTO | ||
| 650 | _aCARTILAGEM | ||
| 650 | _aGLICERINA | ||
| 773 | 0 |
_tMEDVEP. Revista Científica de Medicina Veterinária. Pequenos Animais e Animais de Estimação (Brazil) _xISSN 1678-1430 _g(Apr-Jun 2003), v. 1(2) p. 90-95 _wBR0800507 |
|
| 909 |
_a202311 _bLúcia _c55 _dLúcia Elande |
||
| 942 |
_2AGRIS _n0 _cANA |
||
| 999 |
_c193064 _d193064 |
||